00322nam a22000737a 4500008004100000010001600041245018200057260000900239110707t xxu||||| |||| 00| 0 eng d aC DOC F-140 aAmmended Charge: Uganda Vs Nyanzi Isaya, M/a, aged 30yrs, Muganda, Busine man at Owino Market, Res. of Kweba Zone Mankindye Division in Kampala District. and six (6) others. c1999